Cruise operations manageement: Hospitality perspectives (Record no. 14147)

MARC details
000 -LEADER
fixed length control field 00501nam a2200181Ia 4500
008 - FIXED-LENGTH DATA ELEMENTS--GENERAL INFORMATION
fixed length control field 230917s9999||||xx |||||||||||||| ||und||
020 ## - ISBN
Price GBP31.99
040 ## - CATALOGING SOURCE
-- 223732
Original cataloging agency VIVEKANANDA LIBRARY
041 ## - Language
-- English
082 ## - DDC NUMBER
Classification number 387.542068 G358C(2)
100 ## - MAIN ENTRY--PERSONAL NAME
Personal name Gibson, Philip
245 #0 - TITLE STATEMENT
Title Cruise operations manageement: Hospitality perspectives
250 ## - EDITION STATEMENT
Edition statement 2nd ed.
260 ## - PUBLICATION, DISTRIBUTION, ETC. (IMPRINT)
Place of publication, distribution, etc London
Name of publisher, distributor, etc Routledge
Date of publication, distribution, etc 2012
300 ## - PHYSICAL DESCRIPTION
Pages ix, 312 p.
500 ## - GENERAL NOTE
General note 1915 27/01/2015 APD 1013196 20/02/2015 IHTM (SFS)
942 ## - ADDED ENTRY ELEMENTS (KOHA)
Koha item type Books
Holdings
Withdrawn status Lost status Damaged status Not for loan Location (home branch) Sublocation or collection (holding branch) Shelving location Date acquired Koha issues (times borrowed) Koha full call number Accession No. Koha date last seen Koha item type
        VIVEKANANDA LIBRARY VIVEKANANDA LIBRARY IHTM Library 03/05/2015   387.542068 G358C(2) 337882 17/09/2023 Books
        VIVEKANANDA LIBRARY VIVEKANANDA LIBRARY IHTM Library 03/05/2015   387.542068 G358C(2) 342950 17/09/2023 Books
© Designed and Maintained by Vivekananda Library, MDU Rohtak